000 00657nam a2200229Ia 4500
003 OSt
005 20220923220938.0
006 a|||||r|||| 00| 0
007 ta
008 220922b |||||||| |||| 00| 0 hin d
024 _a192,543
037 _cTextual
040 _aARTS
_cARTS
_bhin
041 _2hin
_ahin
082 _aU8.241, 152H1
100 _aमिश्र, देवदत्त
_9156279
245 0 _aमेरी काश्मीर यात्रा
246 _aMerī kāshmīr yātrā
260 _c1941
942 _hU8.241, 152H1
_cTEXL
_2CC
999 _c345144
_d345144